| 000 | 01136nam a2200253 a 4500 | ||
|---|---|---|---|
| 003 | UPN | ||
| 005 | 20240419093539.0 | ||
| 008 | 030627s1985 mx fr 000 0 spa d | ||
| 035 | _aUPN01000126945 | ||
| 040 |
_aMX-MxUPN _bspa _cMX-MxUPN |
||
| 041 | _aspa | ||
| 050 | 4 |
_aLB1775.4 M6 _bG66 1985 |
|
| 100 | 1 |
_aGonzález Avelar, Miguel, _d1937-2011 _928517 |
|
| 100 | 1 |
_aMiranda Castro, Alberto, _d1932- _951550 |
|
| 245 | 1 | 0 | _aCeremonia del día del maestro |
| 260 |
_aMéxico, D.F. : _bSecretaria de Educación Pública, Dirección General de Información y Relaciones Públicas, _c1985. |
||
| 300 | _a14 páginas | ||
| 490 | 0 | _aCuadernos | |
| 500 | _a"Discursos del Secretario de Educación Pública, Lic. Miguel González Avelar, y del Secretario General del Comité Ejecutivo Nacional del SNTE, Profr. Alberto Miranda Castro en la ceremonia del Día del Maestro que encabezó el Presidente de la República, Lic. Miguel de la Madrid, en el Palacio de Bellas Artes el 15 de mayo de 1985". | ||
| 650 | 4 |
_aMaestros _zMéxico _9830 |
|
| 650 | 7 |
_aMaestros _xApreciación _9739 |
|
| 902 | _bMaríaRobles/150424 | ||
| 942 |
_2lcc _n0 _cFOLL |
||
| 999 |
_c99124 _d99124 |
||